000 00692nam a2200253 a 4500
001 19192
003 BD-RjUL
005 20211209000410.0
008 140223s2001 ii ak 00010 eng
020 _c: IRs. 125.00
035 _a(BD-RjUL)19250
040 _aDLC
_cVTU
_dBOS
_dBD-RjUL
_beng
041 _aeng
082 _a658.5
_bMUI 2001
_223
100 1 _aMukhi, H. R.
_959043
245 1 0 _aIndustrial management /
_cH. R. Mukhi
250 _a2nd ed.
260 _aNew Delhi :
_bSatya Prakashan,
_c2001.
300 _a821 p. ;
_c21 cm.
650 0 _aFactory management.
_99511
650 0 _aIndustrial organization.
_959044
650 0 _aIndustrial efficiency.
_96102
942 _2ddc
_cBK
999 _c19192
_d19192